Words that End in "-urious" - Statistics

General Stats
  • This quiz has been taken 226 times
  • The average score is 3 of 8
Answer Stats
Answer % Correct
Curious
93%
Furious
92%
Spurious
38%
Luxurious
30%
Injurious
22%
Incurious
11%
Penurious
4%
Usurious
4%
No matching quizzes found
Score Distribution
Percent of People with Each Score
Percentile by Number Answered
Your Score History
You have not taken this quiz